3D Concrete Printing Technology: Construction and Building Applications /

Na minha lista:
Detalhes bibliográficos
Outros Autores: Sanjayan, Jay G. (Editor), Nazari, Ali (Editor), Nematollahi, Behzad (Editor)
Formato: Livro
Idioma:inglês
Publicado em: Cambridge: Elsevier, 2019
Assuntos:
Tags: Adicionar Tag
Sem tags, seja o primeiro a adicionar uma tag!

MARC

LEADER 00000nam a22000003a 4500
001 0090386
003 SK-STU
005 20210920113129.5
007 ta
008 210920s ----xo-----e------000-0-----d
020 |a 978-0-12-815481-6 
040 |a STU  |b slo 
041 0 |a eng  |h eng 
044 |a xxk 
100 1 |a Sanjayan, Jay G.  |4 edt  |r Z6 
245 1 0 |a 3D Concrete Printing Technology:  |b Construction and Building Applications /  |c ed. Jay G Sanjayan ; ed. Ali Nazari, Behzad Nematollahi 
260 |a Cambridge:  |b Elsevier,  |c 2019 
300 |a 425 s. 
650 0 7 |a 3D printing 
650 0 7 |a concrete 
650 0 7 |a building 
650 0 7 |a construction 
700 1 |a Nazari, Ali  |r Z6  |4 edt 
700 1 |a Nematollahi, Behzad  |r Z6  |4 edt 
996 |c V* 53170/O-24330  |l VV15  |s P  |a 0  |w 0090386_0001